| 000 | 01191cam a22002534a 4500 | ||
|---|---|---|---|
| 005 | 20250605164032.0 | ||
| 008 | 250528s ||||||||||||||||||||||||d | ||
| 035 | _a16661 | ||
| 020 | _a750636262 | ||
| 040 |
_aGR-AtMCL _bgre _dGR-AtMCL _eAACR2 |
||
| 245 | 1 | _aRelationship Marketing / Strategy and Implementation | |
| 250 | _a1st | ||
| 260 |
_bElsevier, _c1999 |
||
| 300 | _a512 | ||
| 505 | 0 | _aForeward, Acknowledgements, Biographies, Relationship marketing: The six markets framework, The supplier and alliance market domain, The referral and influence market domains, The recruitement and internal market domains, Creating and implementing relationship marketing strategies, Index. | |
| 520 | _aForeward, Acknowledgements, Biographies, Relationship marketing: The six markets framework, The supplier and alliance market domain, The referral and influence market domains, The recruitement and internal market domains, Creating and implementing relationship marketing strategies, Index. | ||
| 700 | 1 |
_aChristopher Martin _91431 |
|
| 700 | 1 |
_aClark Moira _92024 |
|
| 700 | 1 |
_aPayne Adrian _92025 |
|
| 700 | 1 |
_aPeck Helen _92026 |
|
| 942 | _cBK | ||
| 999 |
_c2136 _d2136 |
||